Degradation of structure and properties of rail surface layer at long-term operation; Materials Science and Technology; Vol. 33, № 12

Podrobná bibliografie
Parent link:Materials Science and Technology.— , 1985-
Vol. 33, № 12.— 2017.— [P. 1471-1476]
Korporativní autor: Национальный исследовательский Томский политехнический университет
Další autoři: Gromov V. E. Viktor Evgenjevich, Ivanov Yu. F. Yuriy Fedorovich, Qin R. S., Peregudov O. A. Oleg A., Aksenova K. V. Krestina Vladimirovna, Semina O. A. Olga Alekseevna
Shrnutí:Title screen
The microstructure evolution and properties variation of the surface layer of rail steel after passed 500 and 1000 million tons of gross weight (MTGW) have been investigated. The wear rate increases to 3 and 3.4 times after passed 500 and 1000 MTGW, respectively. The corresponding friction coefficient decreases by 1.4 and 1.1 times. The cementite plates were destroyed and formed the cementite particles of around 10–50nm in size after passed 500 MTGW. The early stage dynamical recrystallisation was observed after passed 1000 MTGW. The mechanisms for these have been suggested. The large number of bend extinction contours is revealed in the surface layer. The internal stress field is evaluated.
Jazyk:angličtina
Vydáno: 2017
Témata:
On-line přístup:http://dx.doi.org/10.1080/02670836.2017.1287983
http://www.tandfonline.com/doi/full/10.1080/02670836.2017.1287983
Médium: MixedMaterials Elektronický zdroj Kapitola
KOHA link:https://koha.lib.tpu.ru/cgi-bin/koha/opac-detail.pl?biblionumber=654711

MARC

LEADER 00000naa0a2200000 4500
001 654711
005 20251124163406.0
035 |a (RuTPU)RU\TPU\network\20371 
090 |a 654711 
100 |a 20170516d2017 k||y0rusy50 ba 
101 0 |a eng 
102 |a GB 
135 |a drcn ---uucaa 
181 0 |a i  
182 0 |a b 
200 1 |a Degradation of structure and properties of rail surface layer at long-term operation  |f V. E. Gromov [et al.] 
203 |a Text  |c electronic 
300 |a Title screen 
320 |a [References: p. 1476 (26 tit.)] 
330 |a The microstructure evolution and properties variation of the surface layer of rail steel after passed 500 and 1000 million tons of gross weight (MTGW) have been investigated. The wear rate increases to 3 and 3.4 times after passed 500 and 1000 MTGW, respectively. The corresponding friction coefficient decreases by 1.4 and 1.1 times. The cementite plates were destroyed and formed the cementite particles of around 10–50nm in size after passed 500 MTGW. The early stage dynamical recrystallisation was observed after passed 1000 MTGW. The mechanisms for these have been suggested. The large number of bend extinction contours is revealed in the surface layer. The internal stress field is evaluated. 
461 |t Materials Science and Technology  |d 1985- 
463 |t Vol. 33, № 12  |v [P. 1471-1476]  |d 2017 
610 1 |a электронный ресурс 
610 1 |a труды учёных ТПУ 
610 1 |a рельсовые стали 
610 1 |a микроструктура 
610 1 |a внутренние напряжения 
610 1 |a дефектная субструктура 
701 1 |a Gromov  |b V. E.  |g Viktor Evgenjevich 
701 1 |a Ivanov  |b Yu. F.  |c physicist  |c Professor of Tomsk Polytechnic University, Doctor of physical and mathematical sciences  |f 1955-  |g Yuriy Fedorovich  |3 (RuTPU)RU\TPU\pers\33559 
701 1 |a Qin  |b R. S. 
701 1 |a Peregudov  |b O. A.  |g Oleg A. 
701 1 |a Aksenova  |b K. V.  |g Krestina Vladimirovna 
701 1 |a Semina  |b O. A.  |g Olga Alekseevna 
712 0 2 |a Национальный исследовательский Томский политехнический университет  |c (2009- )  |9 26305 
801 1 |a RU  |b 63413507  |c 20141010 
801 2 |a RU  |b 63413507  |c 20170516  |g RCR 
856 4 |u http://dx.doi.org/10.1080/02670836.2017.1287983 
856 4 0 |u http://www.tandfonline.com/doi/full/10.1080/02670836.2017.1287983 
942 |c CF